000 00304nam a22001337a 4500
003 SGT
082 _a615
_bSIN
100 _aSINGH, DR. RAMNDEEP
245 _aPRINCIPLES OF PHARMACY PRACTICE
260 _aINDIA
_bPEE VEE PUB.
_c2018
300 _a204
650 _aPHARMACY PRACTICE
942 _2ddc
_cBK
999 _c32463
_d32463